|
|
|
|
| LEADER |
00633cam a2200193 7i4500 |
| 001 |
0000024820 |
| 005 |
20100722090000.0 |
| 022 |
0 |
0 |
|a 2040-0381
|
| 090 |
0 |
0 |
|a P 630.9959
|b MAL
|
| 245 |
0 |
0 |
|a Malaysia agribusiness report Q2 2010 :
|b includes 5 year forecasts to 2014.
|
| 260 |
0 |
0 |
|a London:
|b Business Monitor International,
|c 2010.
|
| 300 |
# |
# |
|a 67 p.
|
| 440 |
0 |
0 |
|a Part of BMI's industry report & forecasts series
|
| 650 |
0 |
0 |
|a Agriculture --
|z Malaysia
|
| 650 |
0 |
0 |
|a Cocoa --
|z Malaysia
|
| 650 |
0 |
0 |
|a Rice --
|z Malaysia
|
| 650 |
0 |
0 |
|a Sugar --
|z Malaysia
|
| 651 |
0 |
0 |
|a Malaysia
|
| 999 |
|
|
|a 0000027054
|b Book
|c Products
|e Business Information Centre
|